| 000 | 02065nam0a2200397 4500 | ||
|---|---|---|---|
| 001 | RU\NLR\bibl\567961 | ||
| 005 | 20250609164206.0 | ||
| 010 |
_a5-317-00928-6 _9500 |
||
| 021 |
_aRU _b2004-24309 _91230 |
||
| 035 | _aRSL-KNO-002428733 | ||
| 035 | _a(NLR Aleph) 000560045 | ||
| 090 |
_a1526618 _c1526618 |
||
| 100 | _a20040427d2004 |||y0rusy50 ca | ||
| 101 | 0 | _arus | |
| 102 | _aRU | ||
| 105 | _aa ||||||||| | ||
| 106 | _ar | ||
| 200 | 1 |
_aГенерал-директор тяги _e[О Б.К. Саламбекове] _fН.А. Зензинов |
|
| 205 | _a[2-е изд.] | ||
| 210 |
_aМ. _cМакс Пресс _d2004 _eПИК ВИНИТИ |
||
| 215 |
_a461 с., [1] л. портр. _cил., карт., портр., факс. _d21 |
||
| 320 | _aБиблиогр.: с. 153-154 (25 назв.) и в тексте | ||
| 600 | 1 |
_aСаламбеков _bБ.К. _f1907 - 1978 _gБорис Константинович _92109597 _3RU\NLR\auth\661275068 |
|
| 600 | 1 |
_aСаламбеков _bБ. К. _f1907-1978 _gБорис Константинович _2psbo |
|
| 610 | 0 | _aТранспорт -- Железнодорожный транспорт -- Саламбеков Борис Константинович (1907-1978) - специалист в области железнодорожного транспорта | |
| 610 | 0 | _aВеликая Отечественная война Советского Союза (1941-1945) -- Железнодорожные воинские перевозки. Железнодорожный транспорт -- Персоналии -- Саламбеков Б. К. (1907-1978) | |
| 686 |
_aО2д(2)СаламбековБ.К.,0 _2rubbk |
||
| 686 |
_aЦ35(2)722-601-243дСаламбековБ.К. _2rubbk |
||
| 686 | _aО2д(2)Саламбеков | ||
| 700 | 1 |
_aЗензинов _bН. А. _gНиколай Александрович _4070 |
|
| 801 | 0 |
_aRU _bRuMoRKP _c20040427 _gPSBO |
|
| 801 | 1 |
_aRU _bRuMoRGB _c20040427 |
|
| 801 | 2 |
_aRU _bNLR _c20041028 _gPSBO |
|
| 942 | _cBOOK | ||
| 980 | _aNB | ||